000 00760nam a22002177a 4500
005 20180529153756.0
020 _c575.00
_a9789352607785
020 _c575.00
_a9352607783
035 _aB-685702
037 _bRK Books
082 _a910
100 _aHusain,Majid
245 _aIndian and world geography :
_cby Majid Husain
_bfor Civil Services preliminary and main examinations /
250 _a4th ed
260 _aChennai
_bMcGraw Hill Education
_c2017
270 _a444/1, Sri Ekambara Naicker Industrial Estate, Alapakkam, Porur
_bChennai
_e600116
300 _avarious pagings :
_c25cm(pbk)
_bill.,maps
500 _aIncludes bibliographical references
942 _2ddc
_cEN
_mMAJ
_h910
999 _c152369
_d152369